Normal view
MARC view
Entry Topical Term
001 - CONTROL NUMBER
- control field: 17919
003 - CONTROL NUMBER IDENTIFIER
- control field: BD-RjUL
005 - DATE AND TIME OF LATEST TRANSACTION
- control field: 20260331104543.0
008 - FIXED-LENGTH DATA ELEMENTS
- fixed length control field: 260331|| aca||aabn | a|a d
040 ## - CATALOGING SOURCE
- Original cataloging agency: BD-RjUL
- Transcribing agency: BD-RjUL
150 ## - HEADING--TOPICAL TERM
- Topical term or geographic name entry element: Python (Computer language)
670 ## - SOURCE DATA FOUND
- Source citation: Work cat.: (BD-RjUL)86271: Matthes, Eric, 1972- author. aut 17913, Python crash course :